Every Champions League Goalscorer (2023/24) - Statistics

General Stats
  • This quiz has been taken 67 times
  • The average score is 96 of 206
Answer Stats
Answer % Correct
Robert Lewandowski
96%
Harry Kane
94%
Martin Ødegaard
94%
Antoine Griezmann
92%
Rafael Leão
92%
Bukayo Saka
90%
Christian Pulisic
90%
Gabriel Jesus
90%
Gabriel Martinelli
90%
Gavi
88%
Kylian Mbappé
88%
Lautaro Martínez
88%
Leandro Trossard
88%
Vinícius Júnior
88%
Alphonso Davies
86%
Bruno Fernandes
86%
Erling Haaland
86%
Jorginho
86%
Jude Bellingham
86%
Kingsley Coman
86%
Leroy Sané
86%
Raphinha
86%
Alexis Sánchez
84%
Andreas Christensen
84%
Bernardo Silva
84%
Kai Havertz
84%
Olivier Giroud
84%
Rodrygo
84%
Rafa Silva
82%
Rasmus Højlund
82%
Scott McTominay
82%
Victor Osimhen
82%
Alexander Isak
80%
Julián Álvarez
80%
Marco Reus
80%
Phil Foden
80%
Serge Gnabry
80%
Achraf Hakimi
78%
Álvaro Morata
78%
Federico Valverde
78%
Kevin De Bruyne
78%
Manuel Akanji
78%
Alejandro Garnacho
76%
Ciro Immobile
76%
João Félix
76%
Marko Arnautović
76%
Rodri
76%
Joselu
75%
Joško Gvardiol
75%
Marcus Thuram
75%
Hakan Çalhanoğlu
73%
Jadon Sancho
73%
Joshua Kimmich
73%
Mats Hummels
73%
Ousmane Dembélé
73%
Dani Carvajal
71%
João Cancelo
71%
Casemiro
69%
Fabian Schär
69%
Jérémy Doku
69%
Miguel Almirón
69%
Thomas Müller
69%
Joelinton
67%
Marcel Sabitzer
67%
Mehdi Taremi
67%
Milan Škriniar
67%
Niclas Füllkrug
67%
Oscar Bobb
67%
Vitinha
67%
Benjamin Šeško
65%
Loïs Openda
65%
Mauro Icardi
65%
Rodrigo De Paul
65%
Piotr Zieliński
63%
Sébastien Haller
63%
Eddie Nketiah
61%
Ferran Torres
61%
Harry Maguire
61%
André-Frank Zambo Anguissa
59%
Ángel Di María
59%
Donyell Malen
59%
Julian Brandt
59%
Lucas Hernandez
59%
Sergio Ramos
59%
Karim Adeyemi
57%
Samuel Chukwueze
57%
Memphis Depay
55%
Mikel Merino
55%
Santiago Giménez
55%
Xavi Simons
55%
Ángel Correa
53%
Bradley Barcola
53%
Federico Dimarco
53%
Giovanni Di Lorenzo
53%
Jamal Musiala
53%
Jamie Bynoe-Gittens
53%
Randal Kolo Muani
53%
Saúl Ñíguez
53%
Youssef En-Nesyri
53%
Dani Olmo
51%
Hakim Ziyech
51%
Brahim Díaz
49%
Emil Forsberg
49%
Ian Maatsen
49%
Luuk de Jong
49%
Sean Longstaff
49%
Dan Burn
47%
Mathys Tel
47%
Fermín López
45%
João Mário
45%
Nico Paz
45%
Willi Orbán
45%
Galeno
43%
Matteo Politano
43%
Mikel Oyarzabal
43%
Pedro
43%
Wilfried Zaha
43%
Lucas Ocampos
41%
Samuel Lino
41%
Matías Vecino
37%
Pepe
37%
Pepê
37%
Amir Rrahmani
35%
Przemysław Frankowski
35%
Dani Ceballos
33%
Giacomo Raspadori
33%
Giovanni Simeone
33%
Johan Bakayoko
33%
Leo Skiri Østigård
33%
Mohamed Simakan
33%
Davide Frattesi
31%
Kyogo Furuhashi
31%
Nemanja Gudelj
31%
Dávid Hancko
29%
Elye Wahi
29%
Mario Hermoso
29%
Sacha Boey
29%
Alireza Jahanbakhsh
25%
Cédric Bakambu
25%
David Raum
25%
Evanilson
25%
Kalvin Phillips
25%
Kerem Aktürkoğlu
25%
Sheraldo Becker
25%
Stephen Eustáquio
25%
Ivan Provedel
24%
Ricardo Pepi
24%
Xaver Schlager
24%
Bruma
22%
David Datro Fofana
22%
Marc Guiu
22%
Arthur Vermeeren
20%
Diogo Gonçalves
20%
Francisco Conceição
20%
Yankuba Minteh
20%
Luis Palma
18%
Micah Hamilton
18%
Vincent Janssen
18%
Heorhiy Sudakov
16%
Ismael Saibari
16%
Arthur Cabral
14%
Mohamed Elyounoussi
14%
Oscar Gloukh
14%
Roony Bardghji
14%
Adrien Thomasson
12%
Alex Král
12%
Brais Méndez
12%
Felix Nmecha
12%
Luka Sučić
12%
Meschak Elia
12%
Pablo Barrios
12%
Robin Gosens
12%
Álvaro Djaló
10%
Ander Barrenetxea
10%
Angelo Fulgini
10%
Calvin Stengs
10%
Cherif Ndiaye
10%
Hwang In-beom
10%
Kevin Kelsy
10%
Kevin Volland
10%
Michel-Ange Balikwisha
10%
Osman Bukari
10%
Tetê
10%
Danylo Sikan
8%
Ebrima Colley
8%
Jordan Teze
8%
Lukas Lerager
8%
Marko Stamenić
8%
Sikou Niakaté
8%
Yaroslav Rakitskyi
8%
Yorbe Vertessen
8%
Aleksandar Katai
6%
André Castro
6%
Arbnor Muja
6%
George Ilenikhena
6%
Ramiz Zerrouki
6%
Roko Šimić
6%
Alhassan Yusuf
4%
Cedric Itten
4%
Eguinaldo
4%
Filip Ugrinic
4%
Gustaf Lagerbielke
4%
Lewin Blum
4%
Mykola Matviyenko
4%
Warren Zaïre-Emery
2%
Magnus Mattsson
0%
No matching quizzes found
Score Distribution
Percent of People with Each Score
Percentile by Number Answered
Your Score History
You have not taken this quiz